000 00936nac a22003017a 4500
001 BR0803102
003 BR-BrBNA
005 20240105123539.0
008 230509b bl.|||m| |||| 00| 0 por d
040 _aBR-BrBNA
_bpor
_cBiblioteca Nacional de Agricultura
072 _aQ54
090 _a8954 BR0803102
100 1 _aSchmidt, A.
100 1 _aSangoi, S.
100 1 _aAlbuquerque, W.
100 1 _aLima, G.J.M.M. de
110 1 _aEMBRAPA Suínos e Aves, Concórdia, SC (Brasil)
245 1 _aDeterminação do poder aglutinante do lignosulfanato sobre a peletização
260 3 _aConcórdia, SC (Brasil):
_c2005.
300 _a3 p.
490 _aComunicado Técnico - EMBRAPA Suínos e Aves (Brazil)
_vno. 368
_xISSN 0100-8862
650 _aRAÇÃO
650 _aPELLET
650 _aPELETIZAÇÃO
650 _aCOMPOSIÇÃO QUÍMICA
909 _a202312
_bLúcia Elande
_c55
_dLúcia Elande
942 _2AGRIS
_n0
_cMS
999 _c295945
_d295945